Tạp luận - Phê bình và tranh luận văn học

Uloženo v:
Podrobná bibliografie
Hlavní autor: Mai, Quốc Liên
Médium: Kniha
Jazyk:Undetermined
Vydáno: Hà Nội Hội Nhà văn 2015
Témata:
Tagy: Přidat tag
Žádné tagy, Buďte první, kdo otaguje tento záznam!
Thư viện lưu trữ: Trung tâm Học liệu Trường Đại học Cần Thơ
LEADER 00621nam a2200193Ia 4500
001 CTU_210153
008 210402s9999 xx 000 0 und d
082 |a 895.92209 
082 |b L305 
100 |a Mai, Quốc Liên 
245 0 |a Tạp luận - Phê bình và tranh luận văn học 
245 0 |c Mai Quốc Liên 
260 |a Hà Nội 
260 |b Hội Nhà văn 
260 |c 2015 
650 |a Vietnamese literature,Văn học Việt Nam 
650 |y 20th century,Thế kỷ 20 
904 |i Trần Thu Thảo, Trúc 
980 |a Trung tâm Học liệu Trường Đại học Cần Thơ